000 00791nam a2200229Ia 4500
001 563
003 GE_BSU
008 181216s||||||||xx |||||||||||||| ||und||
020 _a9994012819
040 _cGE_BSU
080 _a796.01(075.8)
245 _aვალეოლოგია. ჯანსაღი ცხოვრების წესი
245 _cშემდგენელი: ზალდასტანიშვილი ჯ. ბიბილეიშვილი ლ.
260 _aთბილისი
260 _bთბილისის უნ–ტის
260 _c2005
300 _a306 გვ.
541 _h8 ლ.
653 _aვალეოლოგია
653 _aჯანსაღი ცხოვრების წესი
942 _cBK
999 _c34762
_d34762